LEADER 01425nam a2200265 u 4500 001 000000109539 003 CaOOAMICUS 005 20080207124921.0 008 080207s2006 it u000 u ita u 020 $a88-13-26854-8 040 $aPUL$bita$dPUL$dLDA 100 1 $aLiberati, Alessio.$0(OLS)http://pul/name/64347 245 13$aIl processo innanzi al Consiglio di Stato ed al consiglio di giustizia amministrativa per la Regione siciliana /$cAlessio Liberati. 260 $aPadova :$bCEDAM,$cc2006. 300 $av. <3-4> ;$c24 cm. 490 1 $aManuale pratico della giustizia amministativa 650 4$aDiritto amministrativo$zItalia.$0(OLS)http://pul/subject/8339 830 0$aManuale pratico della giustizia amministativa.$0(OLS)http://pul/title/137793 850 $aPUL 852 $aPUL$W1$xDP2 Diritto e Scienze Sociali 3$y110$m342. 4506 LIBAL 1.3$j125276$bv. 3$qDDC 21$B124006$CPULBib$Z2$F124006 $H106236 $82 852 $aPUL$W1$xDP2 Diritto e Scienze Sociali 3$y110$m342. 4506 LIBAL 1.4$j125277$bv. 4$qDDC 21$B124007$CPULBib$Z2$F124007 $H106235 $82 941 1 $a9 996 $6020$a88-13-26854-8$9(OLS)http://pul/number/136960 996 $6245$aIl processo innanzi al Consiglio di Stato ed al consiglio di giustizia amministrativa per la Regione siciliana$9(OLS)http://pul/title/137792 996 $6260$aPadova :$bCEDAM$9(OLS)http://pul/publisher/48126 LEADER 01230nam a2200289 a 4500 001 000000170522 003 CaOOAMICUS 005 20181116101039.0 008 181116s2010 vc u000 u ita r 020 $z978-88-209-8457-1* 032 $aLibriCat 040 $aPUL$bita 082 04$a268 100 1 $aMartinelli, Raffaello,$csac.$0(OLS)http://pul/name/18316 245 10$a50+3 argomenti di attualitą : $bframmenti di veritą cattolica: catechesi dialogica /$cRaffaello Martinelli. 250 $a5. ed. 260 $aCittą del Vaticano :$bLibreria editrice vaticana,$c2010. 300 $a819 p. ;$c17 cm. 650 4$aCatechesi.$0(OLS)http://pul/subject/4492 850 $aPUL 852 $aPUL$W1$xSL Religione 3$y85$m268 MARRA 1$j193344$qDDC 21$B198852$CPULBib$Z2$F198852 $H131605 $81 941 1 $a9 996 $6020$z978-88-209-8457-1*$9(OLS)http://pul/number/165289 996 $6082$a268$9(OLS)http://pul/classification/662 996 $6245$a50+3 argomenti di attualitą : $bframmenti di veritą cattolica: catechesi dialogica$9(OLS)http://pul/title/211303 996 $6260$aCittą del Vaticano :$bLibreria editrice vaticana$9(OLS)http://pul/publisher/47920